000 02700nab a2200241 ab4500
005 20260525122357.0
008 251016c2026 ve fr poo# #00| spa d
003
040 _aMX-MxUPN
_bspa
_cMX-MxUPN
_eaacr2
100 1 _aChávez Rea, Wilmer Rafael
_959681
245 1 0 _aDificultades de aprendizaje en estudiantes universitarios. Caso :
_bmetodología de investigación
_h[recurso electrónico en línea]
506 0 _aAcceso abierto
520 3 _aEl propósito de la siguiente indagación, fue conocer las diversas dificultades de aprendizaje presentes en los estudiantes universitarios al momento de cursar la asignatura, Metodología de Investigación, en las diferentes especialidades o carreras de estudio. En este sentido, se efectuó una investigación documental, según los principios del enfoque cualitativo e inmersa en las características del paradigma interpretativo y el método hermenéutico. Se revisaron 15 artículos publicados en revistas científicas. Para la exploración, se utilizó el buscador Google y la Inteligencia Artificial Perplexity. Hubo un proceso de sistematización, que permitió establecer cuatro (4) categorías principales, emergidas de la información recopilada y su interpretación correspondiente; estas fueron: “Acepciones de conceptos y definiciones metodológicas”, “Conflictos metodológicos”, “Muros afectivos y motivacionales”, “Desafíos digitales y virtuales”. Entre las conclusiones se destacó, que el proceso de enseñanza y aprendizaje, en la asignatura de Metodología de Investigación, debe ser integral, porque es relevante agrupar los semblantes teóricos prácticos, la formación escritural, la actualización y capacitación permanente del docente, fusión de la actividades del docente y el estudiante que brinde el apoyo cognitivo y afectivo, conocer la importancia de las indagaciones científicas y los aspectos éticos que han de estar presentes al momento de efectuarlos. Incorporar contenidos programáticos, vinculados con aprendizajes fundamentados en la resolución de problemas, la interacción digitalizada, la gamificación para lograr una participación atractiva y entretenida, entre otras.
_cREDIE
650 2 _aDificultades del aprendizaje
_93088
650 0 _aEstudiantes universitarios
_99298
653 _aMetodología de investigación
653 _aEnseñanza integral
773 _gVol. 18, no. 1 (2026), p. 14-21
_tREDINE : red de investigación educativa
_x2244–7997
856 4 _uhttps://revistas.uclave.org/index.php/redine/article/view/5602
856 4 _uhttps://revistas.uclave.org/index.php/redine/article/view/5602/3650
902 _aLeonor Sotres/250526
942 _cART-E
999 _c215192
_d215192